| 000 | 00583cam a2200193 4500 | ||
|---|---|---|---|
| 001 | J110170 | ||
| 008 | 000000n2000 000 0 eng u | ||
| 035 | _a(Sirsi) u110170 | ||
| 050 | _a306 | ||
| 110 |
_aChartered Institute of Housing _92394 |
||
| 245 | _aGood practice briefing issue 18 - Managing tenancies from beginning to end. | ||
| 260 |
_aLondon _bChartered Institute of Housing _c2000 |
||
| 300 | _a15p. ; 30cm. | ||
| 490 |
_aCIH Good Practice Briefing _v18 |
||
| 650 |
_aLANDLORD AND TENANT _96252 |
||
| 650 | _aTENANCY AGREEMENTS | ||
| 690 | _aHOUSING | ||
| 942 | _n0 | ||
| 999 |
_c101065 _d101065 |
||